The Ragpicker n And other Stories/ (Record no. 172904)

MARC details
000 -LEADER
fixed length control field 00569nam a22002177a 4500
003 - CONTROL NUMBER IDENTIFIER
control field dpl
005 - DATE AND TIME OF LATEST TRANSACTION
control field 20200214134832.0
008 - FIXED-LENGTH DATA ELEMENTS--GENERAL INFORMATION
fixed length control field 200214b ||||| |||| 00| 0 eng d
010 ## - LIBRARY OF CONGRESS CONTROL NUMBER
LC control number B-061046
020 ## - INTERNATIONAL STANDARD BOOK NUMBER
International Standard Book Number 8175956860
Terms of availability 150.00
035 ## - SYSTEM CONTROL NUMBER
System control number B-061046
040 ## - CATALOGING SOURCE
Original cataloging agency Dpl
Language of cataloging Eng
Transcribing agency 0
050 ## - LIBRARY OF CONGRESS CALL NUMBER
Classification number S
Item number GUP
082 ## - DEWEY DECIMAL CLASSIFICATION NUMBER
Classification number S
Item number GUP
100 ## - MAIN ENTRY--PERSONAL NAME
Personal name Gupta, Jaipal singh
245 ## - TITLE STATEMENT
Title The Ragpicker n And other Stories/
Statement of responsibility, etc Jaipal Singh Gupta
Medium Eng
246 ## - VARYING FORM OF TITLE
Medium Eng
260 ## - PUBLICATION, DISTRIBUTION, ETC. (IMPRINT)
Place of publication, distribution, etc Calcutta
Name of publisher, distributor, etc Jayati ghosh
Date of publication, distribution, etc 700045
300 ## - PHYSICAL DESCRIPTION
Extent 110Pg
Dimensions 14cm.
942 ## - ADDED ENTRY ELEMENTS (KOHA)
Source of classification or shelving scheme Dewey Decimal Classification
Koha item type English Books
Classification part S
Item part GUP
Call number prefix S
Call number suffix GUP

No items available.


© Delhi Public Library
Hit Counter
free hit counter